00430nam a2200181Ia 4500008004100000020001800041050001400059100002000073245003100093245002300124260001600147260002100163260000900184300001500193300002200208300001000230500000800240170918s9999 xx 000 0 und d a9781403719071 bP866 2006 aPotter, Beatrix 4aThe tale of Peter rabbit / cby Beatrix Potter. aTennessee : bDalmatian Press, c2006 a23 pages : bchiefly colored ; c20cm. a660